000 00369nam a2200157Ia 4500
003 Ost
005 20260225132558.0
008 260225s9999||||xx |||||||||||||| ||und||
040 _cfsic
041 _afre
082 _a322.3
100 _agenése et évolution
_eAuteur
245 0 _ale projet social algerien /
245 0 _cgenése et évolution
942 _cكتاب
999 _c34603
_d34603